000 00629nam a2200181Ia 4500
008 090123s9999 xx 000 0 und d
082 _b39634
100 _aऔरंगाबादकर अनुराधा
245 _aद्रौपदीची थाळी
250 _a0
260 _bश्रीकल्प प्रकाशन
300 _a58
600 _aऔरंगाबादकर अनुराधा
630 _aद्रौपदीची थाळी
700 _aऔरंगाबादकर अनुराधा
730 _aद्रौपदीची थाळी
942 _cBOOK
999 _c77706
_d77706